Applied Numerical Methods With Matlab for Engineering and Scientists (Record no. 295329)
[ view plain ]
| 000 -LEADER | |
|---|---|
| fixed length control field | 00310 a2200121 4500 |
| 001 - CONTROL NUMBER | |
| control field | 60256 |
| 082 ## - DEWEY DECIMAL CLASSIFICATION NUMBER | |
| Classification number | 518.22 CHA |
| 090 ## - LOCALLY ASSIGNED LC-TYPE CALL NUMBER (OCLC); LOCAL CALL NUMBER (RLIN) | |
| -- | 36998 |
| -- | 36998 |
| 100 ## - MAIN ENTRY--PERSONAL NAME | |
| Personal name | Chapra.S.C |
| 245 ## - TITLE STATEMENT | |
| Title | Applied Numerical Methods With Matlab for Engineering and Scientists |
| 260 ## - PUBLICATION, DISTRIBUTION, ETC. | |
| Place of publication, distribution, etc. | London |
| Name of publisher, distributor, etc. | McGraw Hill |
| Date of publication, distribution, etc. | 2005 |
| 300 ## - PHYSICAL DESCRIPTION | |
| Extent | 384 |
| 942 ## - ADDED ENTRY ELEMENTS (KOHA) | |
| Institution code [OBSOLETE] | caenust |
| Call number prefix | 518.22 CHA |
| Withdrawn status | Lost status | Damaged status | Not for loan | Collection code | Permanent Location | Current Location | Date acquired | Total Checkouts | Full call number | Barcode | Date last seen | Price effective from | Koha item type |
|---|---|---|---|---|---|---|---|---|---|---|---|---|---|
| College of Aeronautical Engineering (CAE) | College of Aeronautical Engineering (CAE) | 04/03/2017 | 518.22 CHA | CAEN-3096 | 04/05/2017 | 04/05/2017 | Book |
